Commune "insolite" : Française ou non ? - Statistiques

Statistiques générales
  • Ce quiz a été pris 70 fois
  • Le résultat moyen est 11 sur 15
Statistiques - réponses
Question Réponse % Correct
La Trique ? Commune Française
100%
Trécon ? Commune Française
100%
Sex rouge ? Pas commune Française
100%
Touchepipi ? Pas commune Française
89%
Nullos ? Pas commune Française
89%
Sainte-Verge ? Commune Française
78%
Arnac-la-Poste ? Commune Française
78%
Anus ? Commune Française
78%
Sans-culotte ? Pas commune Française
78%
Gland ? Commune Française
67%
Le Fion ? Commune Française
67%
Chiotte ? Pas commune Française
67%
Les boules ? Pas commune Française
67%
Sallespisse ? Commune Française
56%
Putte ? Pas commune Française
33%
Aucun quiz correspondant
Distribution des résultats
% des personnes avec chaque résultat
Percentile par nombre de réponses
Votre historique - résultats
Vous n’avez pas pris ce quiz